| 000 | 00839cab a2200205 4500 | ||
|---|---|---|---|
| 001 | ##L135047 | ||
| 008 | 060921n2006 000 0 eng u | ||
| 035 | _a(Sirsi) u135047 | ||
| 041 | 0 | _aeng | |
| 100 | 1 | _aBrooks, Keith | |
| 245 | 0 | 4 | _aThe new converts |
| 260 | _c2006 | ||
| 490 | 0 |
_aProperty Week _v71(37) 15 September 2006, 54(1) |
|
| 520 | _aExamines the problems which can arise with the refurbishment or conversion of high-quality residential schemes. Works can be more costly and complex than contractors anticipate and getting the right balance between unit size, apartment mix and efficient net-to-gross ratio can be difficult. Tables. | ||
| 590 | _aIKA031006 | ||
| 651 | 4 |
_aUnited Kingdom _y |
|
| 690 | _aPROPERTY-RESIDENTIAL PROPERTY-DOMESTIC RESIDENTIAL PROPERTY-HOUSING-FLATS | ||
| 700 | 1 | _aMoore, Paul | |
| 942 | _n0 | ||
| 999 |
_c77771 _d77771 |
||